000 00949nas a2200313 4500
001 BR2011003198
003 BR-BrBNA
005 20231205115342.0
007 ta
008 230509b bl.|||p| |||| 00| 00por d
040 _aBR-BrBNA
_bpor
_cBiblioteca Nacional de Agricultura
041 _a(Pt)
072 _aH60; F62
100 1 _aAarestrup, J.R.
100 1 _aKaram, D.
100 1 _aCorrêa, E.J.A.
100 1 _aFernandes, G.W.
245 1 _aAnálise da viabilidade de sementes de Euphorbia heterophylla
246 1 _aViability analysis of Euphorbia heterophylla seeds
650 _aEUPHORBIA HETEROPHYLLA
650 _aAMENDOIM BRAVO
650 _aERVA DANINHA
650 _aSEMENTE
650 _aGERMINAÇÃO
650 _aDORMENCIA DA SEMENTE
773 0 _tPlanta Daninha (Brazil)
_xISSN 0100-8358
_g(Jul-Sep 2008), v. 26(3) p. 515-519
_wBR2011003198
909 _a202311
_bLúcia
_c55
_dLúcia Elande
942 _2AGRIS
_n0
_cANA
999 _c213354
_d213354